Cut to the chase (Record no. 77369)
[ view plain ]
| 000 -LEADER | |
|---|---|
| fixed length control field | 00759cab a2200181 4500 |
| 001 - CONTROL NUMBER | |
| control field | ##L134098 |
| 008 - FIXED-LENGTH DATA ELEMENTS--GENERAL INFORMATION | |
| fixed length control field | 060710n2006 000 0 eng u |
| 035 ## - SYSTEM CONTROL NUMBER | |
| System control number | (Sirsi) u134098 |
| 041 0# - LANGUAGE CODE | |
| Language code of text/sound track or separate title | eng |
| 100 1# - MAIN ENTRY--PERSONAL NAME | |
| Personal name | Jansen, Mark |
| 245 00 - TITLE STATEMENT | |
| Title | Cut to the chase |
| 260 ## - PUBLICATION, DISTRIBUTION, ETC. | |
| Date of publication, distribution, etc. | 2006 |
| 490 #0 - SERIES STATEMENT | |
| Series statement | Property Week |
| Volume/sequential designation | 71(27) 7 July 2006, 56-59(4) |
| 520 ## - SUMMARY, ETC. | |
| Summary, etc. | Presents an interview with the new RICS President, Graham Chase. Four new surveyors ask the questions. Includes replies on general surveying topics such as regulating estate agents and improving the planning system, as well as advice to new surveyors about managing their careers. |
| 590 ## - LOCAL NOTE (RLIN) | |
| Local note | IKA180706 |
| 690 ## - LOCAL SUBJECT ADDED ENTRY--TOPICAL TERM (OCLC, RLIN) | |
| Topical term or geographic name as entry element | ABOUT RICS-RICS STRUCTURE AND GOVERNANCE-RICS SENIOR OFFICERS-RICS PRESIDENT |
| 942 ## - ADDED ENTRY ELEMENTS (KOHA) | |
| Suppress in OPAC | 0 |
| Withdrawn status | Lost status | Source of classification or shelving scheme | Damaged status | Not for loan | Home library | Current library | Shelving location | Date acquired | Total Checkouts | Full call number | Barcode | Date last seen | Copy number | Price effective from | Koha item type |
|---|---|---|---|---|---|---|---|---|---|---|---|---|---|---|---|
| Dewey Decimal Classification | London | London | Journal article | 10/07/2006 | L134098 | 134098-1001 | 06/08/2019 | 1 | 06/08/2019 | Journal article |